Štatistické riadenie kvality. Testovanie indexov spôsobilosti

Enregistré dans:
Détails bibliographiques
Auteur principal: Hrnčiarová, Ľubica
Autres auteurs: Terek, Milan
Format: Chapitre de livre
Langue:slovaque
Tags: Ajouter un tag
Pas de tags, Soyez le premier à ajouter un tag!

MARC

LEADER 00000naa$a2200000$$$4500
001 0089792
005 20240502072013.0
041 0 |a slo 
044 |a SK 
245 1 0 |a Štatistické riadenie kvality. Testovanie indexov spôsobilosti  |c Ľubica Hrnčiarová, Milan Terek 
100 1 |a Hrnčiarová, Ľubica 
700 1 |a Terek, Milan